Digital image processing : A practical introduction using Java

Shranjeno v:
Bibliografske podrobnosti
Glavni avtor: Efford, Nick
Format: Knjiga
Jezik:Undetermined
Izdano: New York, NY Addison Wesley 2000
Teme:
Oznake: Označite
Brez oznak, prvi označite!
Thư viện lưu trữ: Trung tâm Học liệu Trường Đại học Cần Thơ
LEADER 00562nam a2200205Ia 4500
001 CTU_213207
008 210402s9999 xx 000 0 und d
082 |a 621.3670285 
082 |b E27 
100 |a Efford, Nick 
245 0 |a Digital image processing : 
245 2 |b A practical introduction using Java 
245 0 |c Nick Efford. 
260 |a New York, NY 
260 |b Addison Wesley 
260 |c 2000 
650 |a Image processing 
650 |x Digital techniques. 
904 |i Tuyến 
980 |a Trung tâm Học liệu Trường Đại học Cần Thơ